| 000 | 01288nam a2200241Ia 4500 | ||
|---|---|---|---|
| 003 | PE SENCICO BE | ||
| 005 | 20251020182547.0 | ||
| 008 | 200515s9999 xx 000 0 und d | ||
| 020 | _a978-958-648-730-6 | ||
| 040 |
_aPE SENCICO BE _cPE SENCICO BE |
||
| 082 |
_a658.4012 _bB41 |
||
| 100 | 1 |
_aBetancourt G., Benjamín _91314 _eautor |
|
| 245 | 1 | 0 |
_aAnálisis sectorial y competitividad / _cBenjamím Betancourt G. |
| 250 | _a[1a ed.] | ||
| 260 |
_aSantafé, Bogotá : _bEcoe ediciones, _c2014 |
||
| 300 |
_axviii, 261 p. : _bil., diagrs., _c23 cm. |
||
| 504 | _aBibliografía: p. 253-261 | ||
| 520 | _aPresenta principios básicos, soporte teórico, apoyo metodológico y la aplicación práctica para llevar cabo el análisis de un sector (industrial) y sus competitividad. El conocimiento y el entendimiento de elementos que constituyen el fundamento de la estrategia competitiva, contribuyen significativamente a la toma de decisiones y aportan al desarrollo de competencias que faciliten a los estrategas empresariales la formulación e implementación de estrategias exitosas para la supervivencia de las organizaciones. | ||
| 650 | 1 | 0 |
_aPlanificación estratégica _9731 |
| 650 | 2 | 0 |
_aCompetitividad _91315 |
| 650 | 2 | 0 |
_aOrganización industrial _91316 |
| 942 |
_cLIB _2ddc |
||
| 999 |
_c2607 _d2607 |
||